| 000 | 00946nam a2200289 i 4500 | ||
|---|---|---|---|
| 001 | bg | ||
| 100 | 1 | _aKrzymień, Anna. | |
| 245 | 1 | 0 |
_aŁożyska mechanizmu korbowego tłokowych silników spalinowych / _cAnna Krzymień. |
| 260 |
_aPoznań : _bWydawnictwo Politechniki Poznańskiej, _c2007. |
||
| 300 |
_a205 s. : _bil. ; _c24 cm. |
||
| 504 | _aBibliogr. s. 202-205. | ||
| 650 | 9 |
_aŁożyska _xbudowa i konstrukcje |
|
| 650 | 9 |
_aŁożyska _xeksploatacja |
|
| 650 | 9 |
_aSilniki tłokowe _xeksploatacja |
|
| 650 | 9 |
_aSilniki spalinowe _xbudowa i konstrukcje |
|
| 655 | _aPodręczniki akademickie | ||
| 015 | _aPB 22855/2007 | ||
| 020 | _a9788371433009 | ||
| 040 | _cBPK | ||
| 041 | _apol | ||
| 044 | _aPOL | ||
| 080 | _a621.822:621.432](075.8) | ||
| 920 | _a978-83-7143-300-9 | ||
| 942 | _cKS | ||
| 008 | 071009s2007 pl a |000 0 pol | ||
| 999 |
_c55401 _d55401 |
||
| 856 |
_uhttp://koha.tu.koszalin.pl/cgi-bin/koha/opac-detail.pl?biblionumber=55401 _yKatalog online BPK |
||